000 00347nam a2200133Ia 4500
005 20260328101513.0
008 260328s9999||||xx |||||||||||||| ||und||
100 _aPuyo Vasco, Fabio
245 0 _aHistoria de Bogotá :
_b Tomo V - Siglo XIX /
_cFabio Puyo Vasco
260 _bSalvat/Villegas
300 _a80 p.
650 _aHISTORIA
942 _cBK
999 _c9276
_d9276